[Event "Ct. Catalunya Veterans"]
[Site "Barcelona"]
[Date "2014.05.20"]
[Round "4"]
[White "Tejero Royo, F."]
[Black "Lazaro Porta, A."]
[Result "1/2-1/2"]
[WhiteElo "2200"]
[BlackElo "2044"]
[PlyCount "64"]
[EventDate "2014.05.17"]
[EventType "swiss"]
[EventRounds "9"]
[EventCountry "ESP"]
[Source "Chessbase"]
[SourceDate "2014.06.06"]

1. d4 Nf6 2. c4 e6 3. Nc3 Bb4 4. Qc2 c5 5. dxc5 Nc6 6. Nf3 Bxc5 7. e3 O-O 8.
Be2 Nb4 9. Qb1 d5 10. a3 Nc6 11. b4 d4 12. Ne4 Be7 13. b5 Na5 14. exd4 Nxe4 15.
Qxe4 Nb3 16. Rb1 Nxc1 17. Rxc1 Bxa3 18. Rd1 Bb4+ 19. Kf1 a5 20. bxa6 Rxa6 21.
h4 f5 22. Qc2 Bd7 23. Qb2 Qa5 24. Ne5 Bc6 25. Nxc6 bxc6 26. Rh3 Rd8 27. Rb3 Be7
28. g3 Bf6 29. Rb8 Ra8 30. Rxa8 Rxa8 31. Qb7 Qa6 32. Qd7 Qc8 1/2-1/2

[Event "Ct. Catalunya Veterans"]
[Site "Barcelona"]
[Date "2014.05.21"]
[Round "5"]
[White "Anguera Maestro, J."]
[Black "Sanz Bastos, F."]
[Result "1-0"]
[WhiteElo "2263"]
[BlackElo "2152"]
[PlyCount "69"]
[EventDate "2014.05.17"]
[EventType "swiss"]
[EventRounds "9"]
[EventCountry "ESP"]
[Source "Chessbase"]
[SourceDate "2014.06.06"]

1. d4 f5 2. c4 Nf6 3. Nc3 e6 4. g3 Bb4 5. Bd2 a5 6. d5 d6 7. a3 Bxc3 8. Bxc3 e5
9. Bg2 O-O 10. e3 Ne4 11. Ne2 Nd7 12. O-O Ndf6 13. Be1 Qe8 14. f3 Ng5 15. Nc3
f4 16. h4 Nh3+ 17. Kh2 fxg3+ 18. Bxg3 Qd7 19. Ne4 Nh5 20. Be1 N3f4 21. exf4
Nxf4 22. Qc2 Qf5 23. Rc1 Qg6 24. Bg3 Bf5 25. Bxf4 exf4 26. Qf2 Rae8 27. Rce1
Re5 28. Ng5 h6 29. Rxe5 dxe5 30. Ne4 b6 31. Rc1 Qh5 32. Bh3 g5 33. Bxf5 Rxf5
34. Rg1 Kh8 35. Rg4 1-0

[Event "Ct. Catalunya Veterans"]
[Site "Barcelona"]
[Date "2014.05.21"]
[Round "5"]
[White "Bautista Sanchez, J."]
[Black "Coll Enriquez, L."]
[Result "1/2-1/2"]
[WhiteElo "2292"]
[BlackElo "2288"]
[PlyCount "21"]
[EventDate "2014.05.17"]
[EventType "swiss"]
[EventRounds "9"]
[EventCountry "ESP"]
[Source "Chessbase"]
[SourceDate "2014.06.06"]

1. Nf3 d6 2. c4 e5 3. Nc3 Nc6 4. g3 Be6 5. d3 g6 6. Bg2 Bg7 7. O-O h6 8. Rb1
Nge7 9. Bd2 Qd7 10. b4 O-O 11. b5 1/2-1/2

[Event "Ct. Catalunya Veterans"]
[Site "Barcelona"]
[Date "2014.05.21"]
[Round "5"]
[White "Bonell Mitjans, A."]
[Black "Duran Vallverdu, J."]
[Result "1/2-1/2"]
[WhiteElo "2216"]
[BlackElo "2117"]
[PlyCount "24"]
[EventDate "2014.05.17"]
[EventType "swiss"]
[EventRounds "9"]
[EventCountry "ESP"]
[Source "Chessbase"]
[SourceDate "2014.06.06"]

1. e4 c5 2. Nf3 a6 3. d4 cxd4 4. Nxd4 Nf6 5. Nc3 e5 6. Nf3 Bb4 7. Qd3 Qc7 8.
Bd2 O-O 9. a3 Nc6 10. Rd1 Bxc3 11. Bxc3 d5 12. Nd2 d4 1/2-1/2

[Event "Ct. Catalunya Veterans"]
[Site "Barcelona"]
[Date "2014.05.21"]
[Round "5"]
[White "Colom Andres, FX."]
[Black "Vallbona Domingo, J."]
[Result "1-0"]
[WhiteElo "2052"]
[BlackElo "2122"]
[PlyCount "75"]
[EventDate "2014.05.17"]
[EventType "swiss"]
[EventRounds "9"]
[EventCountry "ESP"]
[Source "Chessbase"]
[SourceDate "2014.06.06"]

1. Nf3 Nf6 2. c4 c5 3. g3 g6 4. Bg2 Bg7 5. O-O b6 6. Nc3 Bb7 7. d3 O-O 8. a3 e6
9. Bf4 d6 10. Rb1 e5 11. Bd2 Re8 12. Ng5 Bxg2 13. Kxg2 d5 14. cxd5 Nxd5 15. Qb3
Nxc3 16. Qxf7+ Kh8 17. bxc3 Re7 18. Qf3 e4 19. Nf7+ Kg8 20. Qxe4 Rxe4 21. Nxd8
Rxe2 22. Rfe1 Rxe1 23. Rxe1 Nd7 24. Nc6 Bf6 25. c4 Kf7 26. Bf4 a6 27. Ne5+ Nxe5
28. Bxe5 Re8 29. f4 g5 30. Kf3 Bxe5 31. fxe5 Ke6 32. Rb1 Rb8 33. Ke4 b5 34. h3
b4 35. axb4 Rxb4 36. Rf1 a5 37. Rf6+ Ke7 38. Rc6 1-0

[Event "Ct. Catalunya Veterans"]
[Site "Barcelona"]
[Date "2014.05.21"]
[Round "5"]
[White "Fabre Massana, M."]
[Black "Basas Gamazo, J."]
[Result "1-0"]
[WhiteElo "2227"]
[BlackElo "2083"]
[PlyCount "97"]
[EventDate "2014.05.17"]
[EventType "swiss"]
[EventRounds "9"]
[EventCountry "ESP"]
[Source "Chessbase"]
[SourceDate "2014.06.06"]

1. e4 c5 2. Nf3 d6 3. d4 cxd4 4. Nxd4 Nf6 5. Nc3 a6 6. Bg5 e6 7. f4 Nbd7 8. Qf3
h6 9. Bh4 e5 10. Nf5 exf4 11. O-O-O Ne5 12. Bxf6 Qxf6 13. Qxf4 Bxf5 14. exf5
Qg5 15. Qxg5 hxg5 16. Ne4 O-O-O 17. Nxg5 Rh5 18. Ne4 Rxf5 19. Be2 Rf4 20. Bd3
Nxd3+ 21. cxd3 d5 22. Nc3 Rf2 23. Rd2 Rxd2 24. Kxd2 Bb4 25. a3 Bxc3+ 26. Kxc3
Re8 27. Rf1 f6 28. Rf2 Kd7 29. Kd4 Kd6 30. Rc2 Re5 31. b4 Rf5 32. g3 Rg5 33.
Rc8 Rg4+ 34. Ke3 Rg5 35. Rg8 a5 36. bxa5 Kc6 37. a4 d4+ 38. Kxd4 Rxa5 39. Rxg7
Rxa4+ 40. Ke3 Ra5 41. Rg6 Rf5 42. g4 Re5+ 43. Kf4 Re1 44. Rxf6+ Kd5 45. g5 b5
46. g6 b4 47. g7 Rg1 48. Rf5+ Kd4 49. Rg5 1-0

[Event "Ct. Catalunya Veterans"]
[Site "Barcelona"]
[Date "2014.05.21"]
[Round "5"]
[White "Fernandez Perez, J."]
[Black "Coll Sola, J."]
[Result "1-0"]
[WhiteElo "2155"]
[BlackElo "2191"]
[PlyCount "118"]
[EventDate "2014.05.17"]
[EventType "swiss"]
[EventRounds "9"]
[EventCountry "ESP"]
[Source "Chessbase"]
[SourceDate "2014.06.06"]

1. e4 c5 2. Nf3 e6 3. d4 cxd4 4. Nxd4 Nf6 5. Nc3 Bb4 6. Bd3 Nc6 7. Nxc6 dxc6 8.
Bd2 e5 9. h3 O-O 10. O-O Be6 11. Qe2 Nd7 12. a3 Bc5 13. Nd1 b5 14. Kh2 Qc7 15.
Kh1 a6 16. Ne3 Bd6 17. c4 Qb7 18. b4 bxc4 19. Nxc4 Bc7 20. f4 exf4 21. Bxf4
Bxf4 22. Rxf4 c5 23. e5 Bxc4 24. Bxc4 Qc7 25. Re4 Rae8 26. Re1 cxb4 27. axb4
Nb8 28. Bxa6 Nxa6 29. Qxa6 Re6 30. Qa5 Qxa5 31. bxa5 Ra8 32. Rb4 f6 33. Rb5
Rae8 34. Ra1 Rxe5 35. Rxe5 Rxe5 36. a6 Re8 37. a7 Ra8 38. Kg1 Kf7 39. Kf2 Ke6
40. Kf3 Ke5 41. Ra5+ Kd6 42. Kf4 Kc6 43. Kf5 Kd6 44. Kf4 Kc6 45. Kf5 Kd6 46. h4
Ke7 47. h5 Kf7 48. Ke4 g6 49. Kd5 f5 50. Kc6 Kf6 51. hxg6 hxg6 52. Kb7 Rxa7+
53. Kxa7 Kg5 54. Ra6 f4 55. Kb6 Kg4 56. Kc5 g5 57. Rg6 Kf5 58. Rg8 g4 59. Kd4
f3 1-0

[Event "Ct. Catalunya Veterans"]
[Site "Barcelona"]
[Date "2014.05.21"]
[Round "5"]
[White "Franquet Escriva, J."]
[Black "Palle Frowd, C."]
[Result "1-0"]
[WhiteElo "2193"]
[BlackElo "1987"]
[PlyCount "55"]
[EventDate "2014.05.17"]
[EventType "swiss"]
[EventRounds "9"]
[EventCountry "ESP"]
[Source "Chessbase"]
[SourceDate "2014.06.06"]

1. e4 c5 2. Nf3 d6 3. Bb5+ Bd7 4. Bxd7+ Nxd7 5. O-O Ngf6 6. Re1 e6 7. c3 Be7 8.
d4 cxd4 9. cxd4 e5 10. Nc3 a6 11. Bg5 Qc7 12. Rc1 Qa5 13. Qd2 h6 14. Bh4 O-O
15. Nd5 Qd8 16. Nxe7+ Qxe7 17. Rc7 Qd8 18. Rxb7 Qc8 19. Rb3 a5 20. Bxf6 Nxf6
21. dxe5 dxe5 22. h3 Re8 23. Nh4 Rd8 24. Qe3 Rd4 25. Nf5 Rd7 26. Qg3 g6 27.
Qxe5 gxf5 28. Qxf6 1-0

[Event "Ct. Catalunya Veterans"]
[Site "Barcelona"]
[Date "2014.05.21"]
[Round "5"]
[White "Mas Recorda, P."]
[Black "Valarezzo Ricard, P."]
[Result "0-1"]
[WhiteElo "2201"]
[BlackElo "2004"]
[PlyCount "76"]
[EventDate "2014.05.17"]
[EventType "swiss"]
[EventRounds "9"]
[EventCountry "ESP"]
[Source "Chessbase"]
[SourceDate "2014.06.06"]

1. d4 Nf6 2. c4 e6 3. Nc3 Bb4 4. Qc2 O-O 5. e4 d5 6. cxd5 exd5 7. e5 Ne4 8. Bf4
c5 9. O-O-O Nxc3 10. bxc3 Ba3+ 11. Kb1 Qb6+ 12. Ka1 c4 13. Bc1 Be7 14. h3 f6
15. exf6 Qxf6 16. f4 Bf5 17. Qb2 Nc6 18. g4 Be4 19. Bg2 Ba3 20. Qxa3 Bxg2 21.
Rh2 Be4 22. Ne2 b5 23. Ng3 Bd3 24. g5 Qe6 25. f5 Qd7 26. Qc5 b4 27. cxb4 Nxb4
28. Ba3 a5 29. Bxb4 axb4 30. Qxb4 Rfb8 31. Qd2 Qb7 32. Rhh1 Rxa2+ 33. Qxa2 Ra8
34. Rh2 Rxa2+ 35. Rxa2 Qb8 36. g6 hxg6 37. Rxd3 cxd3 38. fxg6 d2 0-1

[Event "Ct. Catalunya Veterans"]
[Site "Barcelona"]
[Date "2014.05.21"]
[Round "5"]
[White "Simon Padros, E."]
[Black "Buxade Roca, G."]
[Result "1/2-1/2"]
[WhiteElo "2307"]
[BlackElo "2231"]
[PlyCount "42"]
[EventDate "2014.05.17"]
[EventType "swiss"]
[EventRounds "9"]
[EventCountry "ESP"]
[Source "Chessbase"]
[SourceDate "2014.06.06"]

1. e4 c5 2. d3 g6 3. g3 Bg7 4. Bg2 Nc6 5. f4 e6 6. Ne2 d6 7. O-O Nge7 8. c3 O-O
9. Be3 Rb8 10. d4 cxd4 11. cxd4 b6 12. Nbc3 Qd7 13. Re1 Bb7 14. Qd2 Rfc8 15.
Rac1 Na5 16. b3 Rc7 17. e5 d5 18. Bf1 Rbc8 19. Nb5 Rxc1 20. Rxc1 Rxc1 21. Qxc1
Ba6 1/2-1/2

[Event "Ct. Catalunya Veterans"]
[Site "Barcelona"]
[Date "2014.05.21"]
[Round "5"]
[White "Tolda Andreu, E."]
[Black "Tejero Royo, F."]
[Result "0-1"]
[WhiteElo "2069"]
[BlackElo "2200"]
[PlyCount "78"]
[EventDate "2014.05.17"]
[EventType "swiss"]
[EventRounds "9"]
[EventCountry "ESP"]
[Source "Chessbase"]
[SourceDate "2014.06.06"]

1. c4 d6 2. Nc3 g6 3. g3 Bg7 4. Bg2 e5 5. Nf3 Nc6 6. O-O Nge7 7. d3 O-O 8. Bd2
h6 9. Qc1 Kh7 10. a3 Nd4 11. Nxd4 exd4 12. Nd5 c6 13. Nxe7 Qxe7 14. Re1 Bf5 15.
b4 Qd7 16. b5 c5 17. Qb2 Bh3 18. Bf3 Bg4 19. Bd5 Rae8 20. f3 Be6 21. Bxe6 Rxe6
22. g4 Rfe8 23. Bf4 Be5 24. Bxe5 Rxe5 25. Qd2 Qe7 26. Ra2 Re3 27. Kf2 Qe5 28.
Rh1 h5 29. h3 Kg7 30. gxh5 Qxh5 31. h4 Qe5 32. Qd1 Re6 33. Qf1 Rf6 34. Qg2 Re6
35. Kf1 Rxd3 36. h5 Rd1+ 37. Kf2 Qe3+ 38. Kg3 Rxh1 39. Qxh1 gxh5 0-1

[Event "Ct. Catalunya Veterans"]
[Site "Barcelona"]
[Date "2014.05.22"]
[Round "6"]
[White "Buxade Roca, G."]
[Black "Bautista Sanchez, J."]
[Result "1/2-1/2"]
[WhiteElo "2231"]
[BlackElo "2292"]
[PlyCount "21"]
[EventDate "2014.05.17"]
[EventType "swiss"]
[EventRounds "9"]
[EventCountry "ESP"]
[Source "Chessbase"]
[SourceDate "2014.06.06"]

1. Nf3 Nf6 2. g3 g6 3. Bg2 Bg7 4. O-O O-O 5. d4 d5 6. Nbd2 c6 7. c3 Bf5 8. Re1
Nbd7 9. Nf1 Be4 10. Nh4 Bxg2 11. Kxg2 1/2-1/2

[Event "Ct. Catalunya Veterans"]
[Site "Barcelona"]
[Date "2014.05.22"]
[Round "6"]
[White "Coll Enriquez, L."]
[Black "Fernandez Perez, J."]
[Result "1-0"]
[WhiteElo "2288"]
[BlackElo "2155"]
[PlyCount "115"]
[EventDate "2014.05.17"]
[EventType "swiss"]
[EventRounds "9"]
[EventCountry "ESP"]
[Source "Chessbase"]
[SourceDate "2014.06.06"]

1. e4 e6 2. d4 d5 3. Bd3 dxe4 4. Bxe4 Nf6 5. Bf3 c5 6. c3 cxd4 7. cxd4 Bb4+ 8.
Nc3 Nc6 9. Nge2 h6 10. O-O O-O 11. a3 Be7 12. Bf4 Bd6 13. Qd2 Bxf4 14. Qxf4 Ne7
15. Rfd1 Ned5 16. Qg3 Bd7 17. Nxd5 exd5 18. Nc3 Bf5 19. Qe5 Bc2 20. Rd2 Re8 21.
Qg3 Bb3 22. Nb5 Qa5 23. Nc3 b5 24. Qd6 b4 25. Qxb4 Qxb4 26. axb4 a5 27. b5 a4
28. h3 Re6 29. Be2 Kf8 30. f3 Re7 31. Kf2 Rea7 32. Ra3 Nd7 33. Bd1 Bxd1 34.
Rxd1 Nb6 35. Rda1 Rc7 36. Ke2 Re8+ 37. Kf2 Ra8 38. R1a2 Rc4 39. Ke3 Rb4 40. Kd3
Nc4 41. Nxd5 Nxa3 42. Nxb4 Nxb5 43. Kc4 Nd6+ 44. Kc5 Nf5 45. Nc6 Ke8 46. b4 Kd7
47. b5 Nd6 48. Re2 Re8 49. Ne5+ Ke7 50. Nc4+ Kd8 51. Rxe8+ Nxe8 52. Kb4 Nc7 53.
Kxa4 Nd5 54. Ka5 f6 55. b6 Kc8 56. Kb5 Kd7 57. Kc5 Nc3 58. Na5 1-0

[Event "Ct. Catalunya Veterans"]
[Site "Barcelona"]
[Date "2014.05.22"]
[Round "6"]
[White "Coll Sola, J."]
[Black "Colom Andres, FX."]
[Result "1/2-1/2"]
[WhiteElo "2191"]
[BlackElo "2052"]
[PlyCount "68"]
[EventDate "2014.05.17"]
[EventType "swiss"]
[EventRounds "9"]
[EventCountry "ESP"]
[Source "Chessbase"]
[SourceDate "2014.06.06"]

1. e4 c5 2. Nf3 g6 3. d4 cxd4 4. Nxd4 Nc6 5. c4 Nf6 6. Nc3 d6 7. Be2 Nxd4 8.
Qxd4 Bg7 9. Be3 O-O 10. Qd2 Be6 11. Rc1 Rc8 12. b3 Qa5 13. f3 Nd7 14. Nd5 Qxd2+
15. Kxd2 Rfe8 16. h4 Nf6 17. a4 Bxd5 18. cxd5 a6 19. Bg5 h6 20. Be3 Nd7 21. b4
Bb2 22. Rc2 Rxc2+ 23. Kxc2 Bg7 24. Kb3 Rc8 25. Rc1 Rxc1 26. Bxc1 e6 27. dxe6
fxe6 28. a5 Bf6 29. Bxh6 Bxh4 30. Be3 Be1 31. f4 Nf6 32. Bf3 e5 33. fxe5 dxe5
34. Bc5 Kf7 1/2-1/2

[Event "Ct. Catalunya Veterans"]
[Site "Barcelona"]
[Date "2014.05.22"]
[Round "6"]
[White "Fabre Massana, M."]
[Black "Anguera Maestro, J."]
[Result "1-0"]
[WhiteElo "2227"]
[BlackElo "2263"]
[PlyCount "111"]
[EventDate "2014.05.17"]
[EventType "swiss"]
[EventRounds "9"]
[EventCountry "ESP"]
[Source "Chessbase"]
[SourceDate "2014.06.06"]

1. d4 d6 2. e4 g6 3. Nf3 Bg7 4. h3 Nd7 5. Nc3 e5 6. Bc4 h6 7. Be3 Ne7 8. dxe5
Nxe5 9. Nxe5 Bxe5 10. Qd2 Bg7 11. O-O Be6 12. Bxe6 fxe6 13. Rae1 Qd7 14. a4 Nc6
15. Ne2 Qf7 16. f4 O-O 17. b4 Kh7 18. b5 Ne7 19. c4 b6 20. Rf3 Rad8 21. Qc2 c5
22. Ref1 d5 23. cxd5 exd5 24. f5 gxf5 25. exf5 Bf6 26. Nf4 Ng8 27. Ne6 Rd7 28.
Nxf8+ Qxf8 29. Kh1 d4 30. Bf4 Qf7 31. Rc1 Qd5 32. Qc4 Qxc4 33. Rxc4 Ne7 34. g4
Nd5 35. Bd2 Bg5 36. Rc2 Bxd2 37. Rxd2 Nf6 38. Rf4 Re7 39. Kg2 Nd5 40. Rf3 Kg7
41. h4 Kf6 42. Kg3 Re4 43. Rdf2 Ne3 44. Rf4 Re8 45. g5+ hxg5 46. hxg5+ Kxg5 47.
f6 Rf8 48. f7 Kg6 49. R2f3 c4 50. Kf2 c3 51. Rg3+ Kh5 52. Ke2 c2 53. Kd2 Rc8
54. Kc1 d3 55. Rf2 Nf1 56. Rxd3 1-0

[Event "Ct. Catalunya Veterans"]
[Site "Barcelona"]
[Date "2014.05.22"]
[Round "6"]
[White "Jimenez Muñoz, J."]
[Black "Mas Recorda, P."]
[Result "0-1"]
[WhiteElo "2041"]
[BlackElo "2201"]
[PlyCount "74"]
[EventDate "2014.05.17"]
[EventType "swiss"]
[EventRounds "9"]
[EventCountry "ESP"]
[Source "Chessbase"]
[SourceDate "2014.06.06"]

1. e4 e6 2. d4 d5 3. Nc3 Nf6 4. Bg5 Be7 5. e5 Nfd7 6. h4 h6 7. Bxe7 Qxe7 8. Qg4
O-O 9. f4 c5 10. Nf3 cxd4 11. Nxd4 Nc6 12. O-O-O a6 13. Rh3 Nxd4 14. Rxd4 f5
15. Qh5 Nc5 16. g4 fxg4 17. Qxg4 b5 18. Rg3 Qf7 19. Bd3 Nxd3+ 20. Rgxd3 Ra7 21.
Ne2 Rc7 22. Rc3 a5 23. Rxc7 Qxc7 24. Rd3 b4 25. Rg3 Rf7 26. Nd4 Qc4 27. Rd3 h5
28. Qxh5 Rxf4 29. b3 Rf1+ 30. Kb2 Qa6 31. Qe8+ Rf8 32. Qg6 Qb6 33. Nf3 Qc7 34.
a3 bxa3+ 35. Kxa3 Qxc2 36. Ng5 Qc5+ 37. b4 Qxb4+ 0-1

[Event "Ct. Catalunya Veterans"]
[Site "Barcelona"]
[Date "2014.05.22"]
[Round "6"]
[White "Lazaro Porta, A."]
[Black "Bonell Mitjans, A."]
[Result "0-1"]
[WhiteElo "2044"]
[BlackElo "2216"]
[PlyCount "78"]
[EventDate "2014.05.17"]
[EventType "swiss"]
[EventRounds "9"]
[EventCountry "ESP"]
[Source "Chessbase"]
[SourceDate "2014.06.06"]

1. c4 e6 2. Nc3 d5 3. Nf3 c6 4. e3 f5 5. b3 Nf6 6. Bb2 Bd6 7. g3 O-O 8. Bg2
Nbd7 9. O-O Qe7 10. Ne2 b6 11. Nfd4 Bb7 12. cxd5 cxd5 13. Nb5 Ba6 14. Nxd6 Qxd6
15. Re1 e5 16. a4 Rfc8 17. Ba3 Qe6 18. d4 e4 19. Qd2 g5 20. Rac1 Bd3 21. Rxc8+
Rxc8 22. Rc1 Nb8 23. Nc3 a6 24. Nd1 Rxc1 25. Qxc1 Qc6 26. Qxc6 Nxc6 27. Nb2 Na5
28. Nxd3 exd3 29. Be7 Ne4 30. b4 Nc6 31. Bxg5 Nxb4 32. Be7 Na2 33. Kf1 Nac3 34.
Bb4 Nxa4 35. Ke1 a5 36. Bxe4 fxe4 37. Ba3 b5 38. Bd6 Nb2 39. Bc7 Nc4 0-1

[Event "Ct. Catalunya Veterans"]
[Site "Barcelona"]
[Date "2014.05.22"]
[Round "6"]
[White "Nicolau Serrato, M."]
[Black "Simon Padros, E."]
[Result "0-1"]
[WhiteElo "2064"]
[BlackElo "2307"]
[PlyCount "140"]
[EventDate "2014.05.17"]
[EventType "swiss"]
[EventRounds "9"]
[EventCountry "ESP"]
[Source "Chessbase"]
[SourceDate "2014.06.06"]

1. e4 e6 2. d4 d5 3. Nc3 Bb4 4. e5 c5 5. a3 Bxc3+ 6. bxc3 Qc7 7. Nf3 Ne7 8. Be2
b6 9. O-O Ba6 10. a4 Bxe2 11. Qxe2 O-O 12. h3 Nd7 13. Nh4 cxd4 14. cxd4 Rfc8
15. Ba3 Ng6 16. Nxg6 hxg6 17. Rfc1 Qc4 18. Qd2 Qxa4 19. Bb4 Qb5 20. Ra3 Rc4 21.
Bd6 Qb2 22. Rd3 Rac8 23. Ba3 Qb5 24. Rf3 Nb8 25. Qf4 Qd7 26. Bd6 Nc6 27. Rd3
Nd8 28. Qd2 Nb7 29. Ba3 Qc6 30. c3 Ra4 31. Be7 Qc7 32. Bg5 Na5 33. Qe2 Qd7 34.
h4 Nc6 35. Qd1 Rc4 36. Be3 Ne7 37. h5 Nf5 38. Bg5 b5 39. g4 Ne7 40. h6 f6 41.
exf6 gxf6 42. Bxf6 Kh7 43. Rf3 Rf8 44. Bg7 Rxf3 45. Qxf3 Ng8 46. Rb1 a6 47. Be5
Qe8 48. Kg2 Rc8 49. Rd1 Ra8 50. c4 bxc4 51. Rb1 Ra7 52. Rb8 Qf7 53. Qa3 Re7 54.
Rc8 g5 55. Qxa6 Qg6 56. Qa8 Rf7 57. f3 Qc2+ 58. Kg3 Qd3 59. Bf4 gxf4+ 60. Kh4
Qg6 61. g5 c3 62. Rxc3 Rf5 63. Qd8 Nxh6 64. Rc7+ Nf7 65. Ra7 Kg7 66. Kg4 Qxg5+
67. Qxg5+ Rxg5+ 68. Kxf4 Rf5+ 69. Kg4 Kf6 70. Ra2 Nh8 0-1

[Event "Ct. Catalunya Veterans"]
[Site "Barcelona"]
[Date "2014.05.22"]
[Round "6"]
[White "Sanz Bastos, F."]
[Black "Bollero Romera, A."]
[Result "0-1"]
[WhiteElo "2152"]
[BlackElo "2127"]
[PlyCount "130"]
[EventDate "2014.05.17"]
[EventType "swiss"]
[EventRounds "9"]
[EventCountry "ESP"]
[Source "Chessbase"]
[SourceDate "2014.06.06"]

1. e4 e5 2. Nf3 Nc6 3. Bb5 a6 4. Ba4 Nf6 5. O-O Be7 6. Bxc6 dxc6 7. Qe1 Nd7 8.
b3 O-O 9. Bb2 Bf6 10. d3 Re8 11. Nbd2 b5 12. h3 Nf8 13. Nh2 Ng6 14. Ndf3 Qd6
15. Qe3 h6 16. Rad1 c5 17. c3 Qc6 18. Rfe1 Kh7 19. Ng4 Bxg4 20. hxg4 Rad8 21.
g5 hxg5 22. Nxg5+ Kg8 23. g3 Qd7 24. Kh2 Qg4 25. Nh3 Nf8 26. f3 Qh5 27. Kg2 Ne6
28. Rh1 Qg6 29. Kf2 Be7 30. f4 f5 31. exf5 Qxf5 32. Qxe5 Qf7 33. Qe4 Bf6 34.
Qf3 Rf8 35. Rh2 Qd7 36. Ng1 b4 37. Qh5 bxc3 38. Qh7+ Kf7 39. f5 Qd4+ 40. Kf1
cxb2 41. fxe6+ Kxe6 42. Nf3 Qd5 43. Re2+ Kd6 44. Qe4 Rde8 45. Qxd5+ Kxd5 46.
Rxe8 Rxe8 47. Kf2 Bd4+ 48. Kf1 Be3 49. Rb1 Bc1 50. Kf2 a5 51. g4 Re3 52. Ne1
Rxe1 53. Kxe1 Kd4 54. Kd1 Kxd3 55. Rxc1 bxc1=Q+ 56. Kxc1 g5 57. Kb2 c4 58. a3
c3+ 59. Kc1 c2 60. b4 axb4 61. axb4 Kc4 62. b5 Kxb5 63. Kxc2 Kc4 64. Kd2 Kb3
65. Kc1 Kc3 0-1

[Event "Ct. Catalunya Veterans"]
[Site "Barcelona"]
[Date "2014.05.22"]
[Round "6"]
[White "Tejero Royo, F."]
[Black "Duran Vallverdu, J."]
[Result "1/2-1/2"]
[WhiteElo "2200"]
[BlackElo "2117"]
[PlyCount "36"]
[EventDate "2014.05.17"]
[EventType "swiss"]
[EventRounds "9"]
[EventCountry "ESP"]
[Source "Chessbase"]
[SourceDate "2014.06.06"]

1. d4 Nf6 2. Nf3 d5 3. g3 e6 4. Bg2 c5 5. O-O Nc6 6. b3 cxd4 7. Nxd4 Be7 8. Bb2
O-O 9. Nd2 Bd7 10. c4 Qb6 11. e3 Rac8 12. Qe2 Na5 13. Rfc1 Qa6 14. Bf1 dxc4 15.
Nxc4 Nxc4 16. Rxc4 Rxc4 17. Qxc4 Qxc4 18. Bxc4 Ne4 1/2-1/2

[Event "Ct. Catalunya Veterans"]
[Site "Barcelona"]
[Date "2014.05.22"]
[Round "6"]
[White "Valarezzo Ricard, P."]
[Black "Franquet Escriva, J."]
[Result "1/2-1/2"]
[WhiteElo "2004"]
[BlackElo "2193"]
[PlyCount "36"]
[EventDate "2014.05.17"]
[EventType "swiss"]
[EventRounds "9"]
[EventCountry "ESP"]
[Source "Chessbase"]
[SourceDate "2014.06.06"]

1. d4 Nf6 2. Nf3 e6 3. Bf4 c5 4. Nbd2 d5 5. e3 Nc6 6. c3 cxd4 7. exd4 Bd6 8.
Bxd6 Qxd6 9. Bb5 Bd7 10. O-O O-O 11. Re1 Ne7 12. Bxd7 Nxd7 13. Ne5 Nxe5 14.
Rxe5 Ng6 15. Re3 Rac8 16. Nf3 b5 17. Ne5 Nxe5 18. dxe5 Qe7 1/2-1/2

[Event "Ct. Catalunya Veterans"]
[Site "Barcelona"]
[Date "2014.05.23"]
[Round "7"]
[White "Basas Gamazo, J."]
[Black "Coll Sola, J."]
[Result "0-1"]
[WhiteElo "2083"]
[BlackElo "2191"]
[PlyCount "114"]
[EventDate "2014.05.17"]
[EventType "swiss"]
[EventRounds "9"]
[EventCountry "ESP"]
[Source "Chessbase"]
[SourceDate "2014.06.06"]

1. e4 c5 2. Nf3 e6 3. d4 cxd4 4. Nxd4 Nc6 5. Nc3 Qc7 6. Be3 a6 7. Qd2 Nf6 8. f3
Bb4 9. a3 Be7 10. g4 h6 11. O-O-O Ne5 12. Kb1 b5 13. Bf4 d6 14. h4 Bb7 15. Be2
Nfd7 16. g5 h5 17. Rhg1 g6 18. Bg3 Nb6 19. f4 Nec4 20. Bxc4 Nxc4 21. Qd3 Rc8
22. Nce2 e5 23. Nb3 exf4 24. Bxf4 Ne5 25. Bxe5 dxe5 26. Nd2 O-O 27. Ng3 Rfd8
28. Qb3 Rd7 29. Nf3 Rcd8 30. Rd3 Rxd3 31. cxd3 Bd6 32. Qc2 Qd7 33. Ne2 Qe6 34.
Nc3 b4 35. axb4 Bxb4 36. Rc1 Qd6 37. Ne1 Rc8 38. Ng2 Qd4 39. Ne1 a5 40. Nf3 Qd6
41. Ne1 Ba6 42. Rd1 Qb6 43. Ka1 Qc5 44. Rc1 Qe3 45. Rd1 Qg3 46. Ng2 Qf3 47. Kb1
Bxc3 48. bxc3 Rxc3 49. Qxc3 Qxd1+ 50. Kb2 Qe2+ 51. Kc1 Qxg2 52. Qxe5 Qf1+ 53.
Kb2 Bxd3 54. Qe8+ Kh7 55. Kc3 Bc4 56. Kd4 Be6 57. Ke5 Qa1+ 0-1

[Event "Ct. Catalunya Veterans"]
[Site "Barcelona"]
[Date "2014.05.23"]
[Round "7"]
[White "Bautista Sanchez, J."]
[Black "Fabre Massana, M."]
[Result "1/2-1/2"]
[WhiteElo "2292"]
[BlackElo "2227"]
[PlyCount "45"]
[EventDate "2014.05.17"]
[EventType "swiss"]
[EventRounds "9"]
[EventCountry "ESP"]
[Source "Chessbase"]
[SourceDate "2014.06.06"]

1. Nf3 c5 2. c4 Nf6 3. Nc3 Nc6 4. g3 b6 5. Bg2 Bb7 6. O-O e6 7. d4 Nxd4 8. Nxd4
Bxg2 9. Kxg2 cxd4 10. Qxd4 Bc5 11. Qd3 O-O 12. Bg5 Be7 13. Rfd1 Qc7 14. Rac1
Rfd8 15. e4 h6 16. Bf4 Qc6 17. f3 d6 18. Nb5 Ne8 19. b3 a6 20. Nc3 Rac8 21. Be3
Nf6 22. Ne2 Qb7 23. Nc3 1/2-1/2

[Event "Ct. Catalunya Veterans"]
[Site "Barcelona"]
[Date "2014.05.23"]
[Round "7"]
[White "Bollero Romera, A."]
[Black "Tejero Royo, F."]
[Result "1/2-1/2"]
[WhiteElo "2127"]
[BlackElo "2200"]
[PlyCount "57"]
[EventDate "2014.05.17"]
[EventType "swiss"]
[EventRounds "9"]
[EventCountry "ESP"]
[Source "Chessbase"]
[SourceDate "2014.06.06"]

1. Nf3 d5 2. d4 e6 3. c4 c6 4. Nc3 f5 5. Bg5 Be7 6. Bxe7 Qxe7 7. e3 Nf6 8. Ne5
O-O 9. Bd3 b6 10. O-O Bb7 11. cxd5 cxd5 12. Rc1 Nbd7 13. Nb5 Rfc8 14. Qe2 Ne8
15. a3 a6 16. Nc3 b5 17. a4 b4 18. Na2 b3 19. Nc3 Nef6 20. Nxd7 Nxd7 21. Kh1
Nf6 22. f3 Qb4 23. g4 g6 24. gxf5 exf5 25. Rfd1 Re8 26. Re1 Re6 27. Qf2 Rae8
28. Re2 Qe7 29. Rce1 1/2-1/2

[Event "Ct. Catalunya Veterans"]
[Site "Barcelona"]
[Date "2014.05.23"]
[Round "7"]
[White "Bonell Mitjans, A."]
[Black "Buxade Roca, G."]
[Result "0-1"]
[WhiteElo "2216"]
[BlackElo "2231"]
[PlyCount "58"]
[EventDate "2014.05.17"]
[EventType "swiss"]
[EventRounds "9"]
[EventCountry "ESP"]
[Source "Chessbase"]
[SourceDate "2014.06.06"]

1. e4 c5 2. d3 Nc6 3. g3 g6 4. Bg2 Bg7 5. f4 d6 6. Nf3 e6 7. O-O Nge7 8. c3 O-O
9. Be3 Bd7 10. d4 cxd4 11. cxd4 Rc8 12. Nc3 d5 13. e5 Na5 14. Qd3 Nc4 15. b3
Nxe3 16. Qxe3 Qa5 17. Rfc1 Rc7 18. Ne2 Rfc8 19. Bh3 Bf8 20. Rxc7 Rxc7 21. Rc1
Rxc1+ 22. Nxc1 Bb5 23. a4 Ba6 24. Ne1 Nc6 25. Nc2 Qb6 26. Kg2 Nxd4 27. Qxd4 Qc6
28. Qf2 d4+ 29. Kg1 d3 0-1